MARC

LEADER 00000nam0a2200000 4500
001 175283
005 20231031165030.0
035 |a (RuTPU)RU\TPU\book\190053 
090 |a 175283 
100 |a 20100211d1961 m y0rusy50 ca 
101 0 |a rus 
102 |a RU 
105 |a a j 001zy 
200 1 |a Основы расчета волноводов  |e курс лекций  |f В. Я. Сморгонский  |g Горьковский политехнический институт имени А. А. Жданова (ГПИ) 
210 |a Горький  |d 1961 
215 |a 74 с.  |c ил. 
320 |a Библиогр.: с. 72. 
610 1 |a цилиндрические волноводы 
610 1 |a электромагнитные волны 
610 1 |a распространение 
610 1 |a затухание 
610 1 |a поперечное сечение 
610 1 |a размеры 
610 1 |a лекции 
610 1 |a учебные пособия 
675 |a 621.396.43(075.8)  |v 3 
700 1 |a Сморгонский  |b В. Я.  |g Владимир Яковлевич 
712 0 2 |a Горьковский политехнический институт имени А. А. Жданова (ГПИ)  |c (1950-1990)  |2 stltpush  |3 (RuTPU)RU\TPU\col\2321 
801 1 |a RU  |b 63413507  |c 20100211 
801 2 |a RU  |b 63413507  |c 20110208  |g RCR 
942 |c BK